00916nam a22002177a 450000500170000001000150001702000260003203500140005803700090007208200110008110000230009224500430011525000060015826000410016427000780020530000200028350001960030394200220049999900190052195201580054020251016112820.0 aENG-146970 a9789358706291c350.00 aEN-130502 bDBAD a00021 aKeshri Anil985490 aLUCID General Knowledge/cAnil Keshri  a1 aNew DelhibS. Chand Publishingc2024 aA-27, 2nd Floor, Mohan Co-Operative Industrial Estate bNew Delhie110044v a424p.c27cm(pb) aGK Book 2025 for Competitive Exam 1st Edition (Based on NCERT Pattern) | Current Affairs | Pictures, Charts, Tables, Maps | UPSC, State PSC, SSC, Bank, Railways RRB Group D, CDS and NDA Exams 2ddccENmKESh000 c213646d213646 001040708NFICaRC3ANbRC3ANd2025-10-16eDelivery of Books Act Divisiong350.00l0oKES 000pEN-130502r2025-10-16 00:00:00t1v350.00w2025-10-16yEN